000
00301nam a22001337a 4500
008
170523b xxu||||| |||| 00| 0 eng d
020
_a
9780673985279
041
_a
eng
080
_2
3RD
_a
94
100
_a
16
101
_a
SHH
245
_a
CIVILIZATION IN THE WEST
_c
KISHLANSKY, M
942
_2
udc
_c
BK
999
_c
13894
_d
13894